Vastu : How To Create A Harmonious Home Through Ancient Indian Design Principles. (Record no. 16884)

MARC details
000 -LEADER
fixed length control field 00445nam a2200157Ia 4500
008 - FIXED-LENGTH DATA ELEMENTS--GENERAL INFORMATION
fixed length control field 220803s9999 xx 000 0 und d
020 ## - INTERNATIONAL STANDARD BOOK NUMBER
International Standard Book Number 9780764121067
041 ## - LANGUAGE CODE
Language code of text/sound track or separate title eng
082 ## - DEWEY DECIMAL CLASSIFICATION NUMBER
Classification number 728.38 BAN
100 ## - MAIN ENTRY--PERSONAL NAME
Personal name Bansal A.
9 (RLIN) 26351
245 ## - TITLE STATEMENT
Title Vastu : How To Create A Harmonious Home Through Ancient Indian Design Principles.
260 ## - PUBLICATION, DISTRIBUTION, ETC. (IMPRINT)
Place of publication, distribution, etc. Canada
Name of publisher, distributor, etc. A Quarto Book
Date of publication, distribution, etc. 2002
300 ## - PHYSICAL DESCRIPTION
Extent 144p
500 ## - GENERAL NOTE
Keywords 35
650 ## - SUBJECT ADDED ENTRY--TOPICAL TERM
Topical term or geographic name as entry element Architectural History
9 (RLIN) 26352
Holdings
Withdrawn status Lost status Damaged status Not for loan Collection code Home library Current library Shelving location Date acquired Vendor Cost, normal purchase price Total Checkouts Full call number Barcode Date last seen Cost, replacement price Bill Date Koha item type Original Barcode
        Book of B Arch Dr. Bhanuben Nanavati College of Architecture Dr. Bhanuben Nanavati College of Architecture   12/09/2018 Word Book Shop 1421.35   728.38 BAN BNCA-BK-10694 03/08/2022 1456.35 08/09/2018 Books B10694